Skoki Narciarskie - Medaliści IO ze Słowenii - Statystyki

Ogólne statystyki
  • Ten quiz został rozwiązany 49 razy
  • Średni wynik to 7 z 10
Statystyki odpowiedzi
🥇 🥈 🥉 Skoczek % Poprawnych
2x - - Domen Prevc
100%
1x 2x 1x Peter Prevc
100%
- 1x - Cene Prevc
98%
1x - - Anze Lanisek
95%
1x 1x - Timi Zajc
88%
- - 1x Primoz Peterka
67%
- 1x - Lovro Kos
63%
- - 1x Robert Kranjec
56%
- - 1x Peter Zonta
42%
- - 1x Damjan Fras
19%
Nie znaleziono quizów pasujących do podanych kryteriów
Rozkład punktacji
Procent ludzi z każdym wynikiem
Percentyl według liczby udzielonych odpowiedzi
Twoja historia wyników
Nie rozwiązałeś tego quizu